| 000 | 02964nam a2200409 i 4500 | ||
|---|---|---|---|
| 001 | 193175 | ||
| 003 | SpMaBN | ||
| 005 | 20250630060301.0 | ||
| 007 | ta | ||
| 008 | 230930s2015 sp a | |||| 000 f spa | ||
| 017 |
_aM 15638-2015 _bOficina Depósito Legal Madrid |
||
| 020 | _a9788490604205 | ||
| 035 | _a(OCoLC)921826779 | ||
| 035 | _aa5666103 | ||
| 040 |
_aSpMaBN _bspa _cSpMaBN _erdc _dES-MaACL |
||
| 080 | _a821.134.2-31"20" | ||
| 100 |
_aGarcía Mateache, Aurora, _d1982- _0XX5498117 _eaut _9234262 |
||
| 245 | 1 | 3 |
_aLa favorita : _bla historia de amor entre Alfonso XII y Elena Sanz / _cAurora García Mateache. |
| 250 | _aSegunda edición: septiembre de 2015 | ||
| 260 |
_aMadrid : _bLa Esfera de los Libros, _c2015 |
||
| 300 |
_a357 páginas, [32] páginas de láminas (blanco y negro) ; _c25 cm |
||
| 336 |
_aTexto (visual) _2isbdcontent |
||
| 337 |
_asin mediación _2isbdmedia |
||
| 338 |
_2rdacarrier _avolumen |
||
| 490 | 1 | _aNovela histórica | |
| 520 | _aA mediados del siglo XIX, en el hospicio de Las Niñas de Leganés, la joven Elena Sanz soñaba que, algún día, llegaría a cantar una ópera en el Teatro Real de Madrid. Su talento y belleza le hicieron superar todos sus sueños. Gracias a su voz conquistó los escenarios de toda Europa, desde el palco imperial del zar Alejandro II hasta el corazón de Emilio Castelar, que la definió como "una divinidad egipcia (...) por cuya belleza hubiera perecido Antonio de Roma". Pero lo que la "Bella del Re" nunca pudo imaginar es que compartiría el trágico destino del personaje que la llevó a la fama: "La Favorita" de Donizetti. Al igual que la amante de Alfonso XI, Elena fue desterrada por el amor de un rey, en este caso, Alfonso XII. Atrapada en una trama de seducción, celos, traición y alta política, la contralto dio dos hijos ilegítimos al monarca que provocaron el escándalo de la sociedad de la época y el deseo de justicia de una de las reinas con más poder de toda Europa, la regente María Cristina de Habsburgo. De la magia de su voz no quedó grabación alguna. Su nombre fue proscrito. Pero su historia de amor, condenada antes de nacer, vuelve a ser contada en esta novela con el telón de fondo de la suntuosa y delirante Europa de la emperatriz Eugenia de Montijo, Sofía Troubetzkoy, Cánovas del Castillo, Albéniz y Conan Doyle. | ||
| 600 | 1 | 4 |
_aSanz, Elena, _9234323 _d1844-1898 |
| 655 | 7 |
_aNovelas históricas _2tgfbne _9226782 |
|
| 830 |
_aNovela histórica (La Esfera de los Libros) _9234263 |
||
| 852 |
_aES-MaACL _bR.154578 _9200551 _jN-9338 _cDEPOJ _xEncuadernación cartoné con sobrecubiertas _hDonación: Aurora García Mateache |
||
| 903 |
_aGarcía Mateache, Aurora, _d1982- _ednr _9234262 |
||
| 942 |
_n0 _cMONOGRAFIA |
||
| 999 |
_c193175 _d193175 |
||